00423 2200169 4500001002100000005001500021008004100036035001900077041000700096082000800103090001400111100001700125245001900142260003100161300001800192650004300210INLIS00000000001626420241224115106241224||||||||| | ||| |||| || |  0010-1224016264 aid0 a635 a635 TRI t0 aTrim Sutidja00aTANAMAN PANGAN aBandungbBumi Aksarac2007 a47hlm;14x21cm 0aPertanian Dan Teknologi Yang Berkaitan